[Event "Moscow ch-T 2018"]
[Site "Moscow"]
[Date "2018.09.27"]
[Round "5"]
[White "Kozionov, Kirill"]
[Black "Gurvich, Vitaly"]
[Result "1-0"]
[WhiteElo "2458"]
[BlackElo "2280"]
[Annotator "TA"]
[PlyCount "89"]
[EventDate "2018.09.20"]
[EventType "team-tourn"]
[EventCountry "RUS"]
[SourceTitle "playchess.com"]
[Source "ChessBase"]
[SourceQuality "1"]

{[%evp 19,89,55,44,38,29,43,36,36,58,73,87,70,96,45,62,54,76,44,117,108,114,115,131,126,104,38,52,50,89,98,170,158,135,67,75,13,11,13,15,8,14,15,179,161,421,444,439,430,435,414,416,391,416,371,608,480,482,458,801,781,1665,1627,1607,1550,29992,29991,29991,29992,29992,29993,29995,29996]} 1. d4 Nf6 2. c4 e6 3. Nf3 b6 4. g3 Ba6 5. Qa4 Bb7 6. Bg2 Be7 7. O-O O-O 8. Rd1 d6 9. Qc2 Nbd7 10. Nc3 c5 11. d5 {E18: Queen's Indian: Old Main Line (4 g3 Bb7 5 Bg2 Be7 6 0-0 0-0 7 Nc3)} exd5 12. cxd5 a6 13. e4 {White is slightly better.} Re8 14. a4 Rc8 $146 ({Predecessor:} 14... Bf8 15. Nd2 Ne5 16. f4 Ng6 17. Nc4 Qc7 18. Qb3 Nd7 {1-0 (41) Shulman,Y (2572)-Howlett,A Saint Louis 2012}) 15. b3 Rb8 16. Bf1 (16. Nd2 $16) 16... Bf8 17. Nd2 Bc8 18. Bb2 Ne5 (18... h5 $14) 19. f4 $16 Ng6 20. Re1 h5 21. Nf3 h4 22. Rad1 (22. Nxh4 $6 Nxh4 23. gxh4 Nh5 $11) (22. Bd3 $16) 22... Bg4 $14 23. Re3 Qc8 24. Rde1 $1 hxg3 (24... Bxf3 $16 {is a better defense.} 25. Rxf3 Ra8) 25. hxg3 $18 Bd7 26. e5 ({White should try} 26. Bd3 $1 $16) 26... Bf5 27. Bd3 (27. Qd2 $1 $16 Ng4 28. e6 Nxe3 29. Rxe3) 27... Bxd3 $11 28. Qxd3 (28. Rxd3 dxe5 29. Nxe5 Ng4 $15) 28... dxe5 $1 29. fxe5 c4 $1 {[%cal Rc4d3]} 30. bxc4 Ng4 $2 (30... Qh3 $1 $11 31. exf6 (31. Ng5 Nxe5 32. Qe2 Neg4 $17) 31... Qxg3+ 32. Kh1 Rxe3 33. Rxe3 (33. Qxe3 Nf4 $11) 33... Bc5) 31. R3e2 $1 $18 ({Don't play} 31. e6 $6 Nxe3 32. Ng5 (32. Rxe3 Bc5 $11) (32. exf7+ Kxf7 33. Ne4 Rxe4 $11) 32... Rb7 $14) 31... Bc5+ $2 {[#]} (31... N6xe5 {might work better.} 32. Nxe5 Qc5+ 33. Kg2 Rxe5) 32. Kg2 $1 ({Wrong is} 32. Kf1 $2 {[#]} N4xe5 $1 {[%mdl 512]} 33. Rxe5 Qh3+ 34. Ke2 Nxe5 $19) 32... Nf8 33. Ne4 Qd7 {[#]} 34. a5 $1 {[%mdl 512]} Bb4 (34... bxa5 35. Nxc5) 35. Rf1 bxa5 36. Qd4 Rbd8 $2 (36... f6 37. exf6 Bc5 38. Qxc5 Rxe4 39. Rxe4 Rxb2+ 40. Kg1 Nxf6) 37. Neg5 Nh6 38. e6 fxe6 (38... Nxe6 $142 39. dxe6 Qxd4 40. Nxd4 f6) 39. Ne5 Qe7 40. Nef7 {[%csl Gb2][%cal Rd4g7]} e5 41. Rxe5 Qc5 42. Qf4 {White mates.} Qa7 43. Nxh6+ gxh6 44. Nf7 Rxe5 45. Qxe5 {Precision: White = 68%, Black = 39%.} 1-0

[Event "Moscow ch-T 2018"]
[Site "Moscow"]
[Date "2018.09.27"]
[Round "5"]
[White "Dvalishvili, Pavel S."]
[Black "Maltsevskaya, Aleksandra"]
[Result "0-1"]
[WhiteElo "2408"]
[BlackElo "2234"]
[Annotator "ChessBase"]
[PlyCount "105"]
[EventDate "2018.09.20"]
[EventType "team-tourn"]
[EventCountry "RUS"]
[SourceTitle "playchess.com"]
[Source "ChessBase"]
[SourceQuality "1"]
[TimeControl "5400+30"]

1. e4 {[%emt 0:00:00]} c6 {[%emt 0:00:00]} 2. Nc3 {[%emt 0:01:12]} d5 {[%emt 0:00:00]} 3. Nf3 {[%emt 0:00:08]} Bg4 {[%emt 0:00:00]} 4. h3 {[%emt 0:00:13]} Bxf3 {[%emt 0:00:04]} 5. Qxf3 {[%emt 0:00:01]} e6 {[%emt 0:00:13]} 6. a3 {[%emt 0:03:06]} Nf6 {[%emt 0:06:41]} 7. d3 {[%emt 0:01:07]} Nbd7 {[%emt 0:00:21]} 8. Qe2 {[%emt 0:00:45]} Qc7 {[%emt 0:03:58]} 9. g3 {[%emt 0:00:45]} Bc5 {[%emt 0:02:01]} 10. Bg2 {[%emt 0:00:42]} O-O {[%emt 0:01:18]} 11. Bf4 {[%emt 0:04:38]} Qb6 {[%emt 0:10:05]} 12. Nd1 {[%emt 0:01:38]} e5 {[%emt 0:07:12]} 13. Bd2 {[%emt 0:00:09]} Qa6 {[%emt 0:00:23]} 14. b4 {[%emt 0:05:26]} Be7 {[%emt 0:03:31]} 15. Ne3 {[%emt 0:00:20]} c5 {[%emt 0:11:33]} 16. Nf5 {[%emt 0:04:20]} Rfe8 {[%emt 0:04:32]} 17. exd5 {[%emt 0:00:32]} Bf8 {[%emt 0:00:32]} 18. O-O {[%emt 0:00:29]} e4 {[%emt 0:02:59]} 19. b5 {[%emt 0:08:07]} Qxb5 {[%emt 0:05:29]} 20. c4 {[%emt 0:00:01]} Qa6 {[%emt 0:00:18]} 21. dxe4 {[%emt 0:02:32]} Nxd5 {[%emt 0:03:38]} 22. Nh6+ {[%emt 0:05:08]} gxh6 {[%emt 0:00:31]} 23. Qg4+ {[%emt 0:00:00]} Bg7 {[%emt 0:09:21]} 24. cxd5 {[%emt 0:01:15]} Ne5 {[%emt 0:00:19]} 25. Qd1 {[%emt 0:02:47]} Nc4 {[%emt 0:01:12]} 26. Ra2 {[%emt 0:00:12]} b5 {[%emt 0:01:15]} 27. Bc1 {[%emt 0:01:12]} Rab8 {[%emt 0:11:16]} 28. Qc2 {[%emt 0:05:09]} Qg6 {[%emt 0:02:46]} 29. Kh2 {[%emt 0:01:35]} Nd6 {[%emt 0:03:27]} 30. Qxc5 {[%emt 0:02:45]} Nxe4 {[%emt 0:00:29]} 31. Qxa7 {[%emt 0:01:00]} Nc3 {[%emt 0:01:44]} 32. Rd2 {[%emt 0:00:16]} Qd6 {[%emt 0:04:19]} 33. Rd3 {[%emt 0:05:26]} Qg6 {[%emt 0:04:11]} 34. Re3 {[%emt 0:00:40]} Red8 {[%emt 0:00:31]} 35. Bd2 {[%emt 0:03:00]} Ra8 {[%emt 0:00:17]} 36. Qc5 {[%emt 0:00:56]} Rac8 {[%emt 0:00:31]} 37. Qe7 {[%emt 0:06:37]} Bf8 {[%emt 0:00:52]} 38. Qb7 {[%emt 0:00:22]} Rb8 {[%emt 0:00:32]} 39. Qa7 {[%emt 0:02:18]} Ra8 {[%emt 0:00:32]} 40. Qd4 {[%emt 0:00:09]} Bg7 {[%emt 0:00:08]} 41. Qd3 {[%emt 0:04:12]} Rxa3 {[%emt 0:00:44]} 42. Rfe1 {[%emt 0:01:33]} Qxd3 {[%emt 0:00:16]} 43. Rxd3 {[%emt 0:00:01]} b4 {[%emt 0:00:34]} 44. d6 {[%emt 0:00:25]} Nb1 {[%emt 0:00:53]} 45. Rxa3 {[%emt 0:02:22]} bxa3 {[%emt 0:00:06]} 46. Ba5 {[%emt 0:01:17]} Rxd6 {[%emt 0:00:52]} 47. Rxb1 {[%emt 0:00:17]} Bb2 {[%emt 0:00:14]} 48. Bb4 {[%emt 0:00:40]} a2 {[%emt 0:00:35]} 49. Rxb2 {[%emt 0:01:09]} a1=Q {[%emt 0:00:18]} 50. Bc3 {[%emt 0:04:40]} Rd8 {[%emt 0:00:35]} 51. Rd2 {[%emt 0:00:27]} Qxc3 {[%emt 0:00:30]} 52. Rxd8+ {[%emt 0:00:01]} Kg7 {[%emt 0:00:08]} 53. Rd5 {[%emt 0:00:52]} 0-1

[Event "Moscow ch-T 2018"]
[Site "Moscow"]
[Date "2018.09.27"]
[Round "5"]
[White "Gorbatov, Alexej"]
[Black "Obolentseva, Alexandra"]
[Result "1-0"]
[WhiteElo "2389"]
[BlackElo "2298"]
[Annotator "ChessBase"]
[PlyCount "79"]
[EventDate "2018.09.20"]
[EventType "team-tourn"]
[EventCountry "RUS"]
[SourceTitle "playchess.com"]
[Source "ChessBase"]
[SourceQuality "1"]
[TimeControl "5400+30"]

1. Nf3 Nf6 2. b3 d5 3. Bb2 g6 4. e3 Bg7 5. c4 O-O 6. cxd5 Qxd5 7. Bc4 Qf5 8. O-O c5 9. d4 Nc6 10. Qe2 cxd4 11. exd4 Nd5 12. Nbd2 Nf4 13. Qe3 Bh6 14. Kh1 b5 15. d5 bxc4 16. dxc6 c3 17. Qxc3 f6 18. Nc4 Qh5 19. Rfe1 Be6 20. Nd4 Bd5 21. f3 e5 22. Ne2 Nxe2 23. Rxe2 Bf4 24. h3 e4 25. fxe4 Qxe2 26. exd5 Rae8 27. Ba3 Rf7 28. d6 Qe6 29. d7 Rd8 30. Qf3 g5 31. Rd1 h5 32. Qd5 Qxd5 33. Rxd5 Bc7 34. Bd6 Rdxd7 35. cxd7 Rxd7 36. g4 hxg4 37. hxg4 Kf7 38. Rd2 Bxd6 39. Rxd6 Re7 40. Ra6 1-0

[Event "Moscow ch-T 2018"]
[Site "Moscow"]
[Date "2018.09.27"]
[Round "5"]
[White "Makarian Rudik, Botvinnik CS"]
[Black "Pogosyan, Stefan"]
[Result "0-1"]
[WhiteElo "2364"]
[BlackElo "2373"]
[Annotator "RC"]
[PlyCount "150"]
[EventDate "2018.09.20"]
[EventType "team-tourn"]
[EventCountry "RUS"]
[SourceTitle "playchess.com"]
[Source "ChessBase"]
[SourceQuality "1"]
[TimeControl "5400+30"]

1. e4 {[%emt 0:16:50]} e5 {[%emt 0:00:05]} 2. Bc4 {[%emt 0:00:06]} Nf6 {[%emt 0:00:25]} 3. d3 {[%emt 0:00:03]} c6 {[%emt 0:00:21]} 4. Nf3 {[%emt 0:00:16]} d5 {[%emt 0:00:48]} 5. Bb3 {[%emt 0:00:03]} Bb4+ {[%emt 0:00:08]} 6. Bd2 {[%emt 0:00:05]} Bd6 {[%emt 0:02:25]} 7. exd5 {[%emt 0:00:44]} Nxd5 {[%emt 0:00:39]} 8. O-O {[%emt 0:00:26]} O-O {[%emt 0:00:27]} 9. Nc3 {[%emt 0:04:36]} Nf4 {[%emt 0:06:26]} 10. Ne4 {[%emt 0:12:16]} Bg4 {[%emt 0:07:41]} 11. Bc3 {[%emt 0:05:20]} Ng6 {[%emt 0:15:01]} 12. h3 {[%emt 0:08:15]} Bf5 {[%emt 0:01:49]} 13. Ng3 {[%emt 0:00:59]} Qf6 {[%emt 0:02:10]} 14. d4 {[%emt 0:08:24]} Nd7 {[%emt 0:15:26]} 15. dxe5 {[%emt 0:09:37]} Ndxe5 {[%emt 0:00:47]} 16. Nd4 {[%emt 0:02:05]} Bxh3 {[%emt 0:08:42]} 17. gxh3 {[%emt 0:00:48]} Nf4 {[%emt 0:00:32]} 18. Ndf5 {[%emt 0:03:51]} Bc7 {[%emt 0:00:47]} 19. Kh1 {[%emt 0:13:13]} h5 {[%emt 0:08:36]} 20. Qd4 {[%emt 0:05:54]} Qg5 {[%emt 0:02:24]} 21. Bd2 {[%emt 0:00:03]} Nf3 {[%emt 0:00:45]} 22. Bxf4 {[%emt 0:00:26]} Bxf4 {[%emt 0:00:08]} 23. Qd3 {[%emt 0:01:30]} Ne5 {[%emt 0:04:45]} 24. Qe4 {[%emt 0:00:55]} Ng6 {[%emt 0:00:30]} 25. Nd4 {[%emt 0:01:37]} h4 {[%emt 0:02:32]} 26. Nf3 {[%emt 0:00:57]} Qh6 {[%emt 0:02:57]} 27. Nf5 {[%emt 0:00:14]} Qh5 {[%emt 0:00:02]} 28. Ne7+ {[%emt 0:00:08]} Kh7 {[%emt 0:00:16]} 29. Nxg6 {[%emt 0:00:44]} fxg6 {[%emt 0:00:08]} 30. Nd4 {[%emt 0:00:36]} Be5 {[%emt 0:01:49]} 31. Ne6 {[%emt 0:01:16]} Rf5 {[%emt 0:00:19]} 32. Qg4 {[%emt 0:00:27]} Qh6 {[%emt 0:00:22]} 33. f4 {[%emt 0:00:03]} Bxb2 {[%emt 0:00:27]} 34. Rad1 {[%emt 0:00:28]} Bf6 {[%emt 0:00:10]} 35. Rd7 {[%emt 0:00:21]} b5 {[%emt 0:00:10]} 36. Rg1 {[%emt 0:00:19]} Re8 {[%emt 0:01:05]} 37. c3 {[%emt 0:00:30]} Qh5 {[%emt 0:00:48]} 38. Qxh5+ {[%emt 0:01:09]} Rxh5 {[%emt 0:00:06]} 39. Re1 {[%emt 0:01:06]} Kh6 {[%emt 0:00:45]} 40. c4 {[%emt 0:00:46]} a5 {[%emt 0:01:11]} 41. a4 {[%emt 0:01:02]} bxc4 {[%emt 0:01:36]} 42. Bxc4 {[%emt 0:00:21]} Rc5 {[%emt 0:00:02]} 43. Bd3 {[%emt 0:00:58]} Rc3 {[%emt 0:00:03]} 44. f5 {[%emt 0:00:44]} c5 {[%emt 0:02:43]} 45. Rg1 {[%emt 0:00:38]} g5 {[%emt 0:01:01]} 46. Kg2 {[%emt 0:00:38]} c4 {[%emt 0:00:24]} 47. Be4 {[%emt 0:00:41]} Rb8 {[%emt 0:00:27]} 48. Rb7 {[%emt 0:00:16]} Rxb7 {[%emt 0:00:32]} 49. Bxb7 {[%emt 0:00:04]} Rg3+ {[%emt 0:00:05]} 50. Kh2 {[%emt 0:00:44]} Ra3 {[%emt 0:00:04]} 51. Rc1 {[%emt 0:00:42]} Rxa4 {[%emt 0:00:36]} 52. Bd5 {[%emt 0:00:34]} c3 {[%emt 0:00:16]} 53. Nc5 {[%emt 0:00:53]} Rd4 {[%emt 0:01:34]} 54. Bb3 {[%emt 0:00:14]} Rd2+ {[%emt 0:00:11]} 55. Kh1 {[%emt 0:00:05]} Re2 {[%emt 0:02:26]} 56. Rd1 {[%emt 0:01:18]} Re3 {[%emt 0:00:12]} 57. Rd3 {[%emt 0:00:18]} Re1+ {[%emt 0:00:03]} 58. Kg2 c2 59. Bxc2 Re2+ 60. Kf3 Rxc2 61. Ne4 Rc6 62. Ra3 Ra6 63. Ra4 Be7 64. Kg4 g6 65. Rc4 a4 66. Rc7 gxf5+ 67. Kxf5 a3 68. Rxe7 Ra5+ 69. Kf6 a2 70. Re6 Kh5 71. Kf7 Ra7+ 72. Kg8 a1=Q 73. Nf6+ Kg6 74. Nh5+ Kxh5 75. Rh6+ {[%emt 0:07:33]} Kxh6 0-1

[Event "Moscow ch-T 2018"]
[Site "Moscow"]
[Date "2018.09.27"]
[Round "5"]
[White "Pavlov, Danila"]
[Black "Krylov, Mikhail"]
[Result "1/2-1/2"]
[WhiteElo "2312"]
[BlackElo "2476"]
[Annotator "RC"]
[PlyCount "55"]
[EventDate "2018.09.20"]
[EventType "team-tourn"]
[EventCountry "RUS"]
[TimeControl "5400+30"]

1. e4 {[%emt 0:00:00]} e5 {[%emt 0:00:31]} 2. Nf3 {[%emt 0:00:29]} Nc6 {[%emt 0:00:08]} 3. Bb5 {[%emt 0:00:05]} a6 {[%emt 0:00:28]} 4. Bxc6 {[%emt 0:00:04]} dxc6 {[%emt 0:00:19]} 5. O-O {[%emt 0:00:04]} Bg4 {[%emt 0:00:50]} 6. h3 {[%emt 0:00:05]} h5 {[%emt 0:00:24]} 7. d3 {[%emt 0:00:07]} Qf6 {[%emt 0:00:59]} 8. Be3 {[%emt 0:00:05]} Bxf3 {[%emt 0:06:22]} 9. Qxf3 {[%emt 0:00:30]} Qxf3 10. gxf3 {[%emt 0:00:00]} Bd6 {[%emt 0:14:50]} 11. Nd2 {[%emt 0:00:00]} f5 {[%emt 0:01:14]} 12. Nc4 {[%emt 0:11:45]} f4 {[%emt 0:03:17]} 13. Bd2 {[%emt 0:01:03]} Ne7 {[%emt 0:16:45]} 14. Rfd1 {[%emt 0:01:30]} g5 {[%emt 0:06:20]} 15. Bc3 {[%emt 0:11:26]} Ng6 {[%emt 0:00:24]} 16. d4 {[%emt 0:00:14]} exd4 {[%emt 0:03:38]} 17. Bxd4 {[%emt 0:00:10]} Rg8 {[%emt 0:00:40]} 18. Kf1 {[%emt 0:08:28]} Kf7 {[%emt 0:03:23]} 19. Rd3 {[%emt 0:09:40]} Ke6 {[%emt 0:03:10]} 20. Rad1 {[%emt 0:02:05]} Be7 {[%emt 0:04:52]} 21. Na5 {[%emt 0:09:12]} c5 {[%emt 0:02:02]} 22. Bc3 {[%emt 0:00:08]} b5 {[%emt 0:00:24]} 23. b3 {[%emt 0:00:50]} Rab8 {[%emt 0:10:52]} 24. Rd7 {[%emt 0:11:41]} Rbd8 {[%emt 0:09:07]} 25. Rxd8 {[%emt 0:00:46]} Rxd8 {[%emt 0:01:15]} 26. Rxd8 {[%emt 0:00:09]} Bxd8 {[%emt 0:00:02]} 27. Nc6 {[%emt 0:01:13]} Be7 {[%emt 0:01:21]} 28. Ke2 {[%emt 0:13:13] Ke5 [%clk 0:08:54]} 1/2-1/2

[Event "Moscow ch-T 2018"]
[Site "Moscow"]
[Date "2018.09.27"]
[Round "5"]
[White "Cherednichenko, Dmitrij"]
[Black "Tsoi, Vladislav"]
[Result "0-1"]
[WhiteElo "2298"]
[BlackElo "2079"]
[Annotator "TA"]
[PlyCount "103"]
[EventDate "2018.09.20"]
[EventType "team-tourn"]
[EventCountry "RUS"]
[SourceTitle "playchess.com"]
[Source "ChessBase"]
[SourceQuality "1"]

{[%evp 18,103,47,37,36,37,75,65,60,27,35,20,31,6,19,0,0,0,0,-9,43,36,65,0,0,3,14,25,17,0,0,-190,0,-424,-389,-414,-421,-445,-446,-1012,-990,-1012,-569,-595,-494,-485,-300,-300,-290,-302,-258,-391,-391,-381,-345,-381,-380,-372,-323,-368,-284,-202,-33,-33,-33,-33,0,0,0,0,0,-25,0,-33,-25,-33,-33,-33,-33,-33,-33,-33,-33,-33,-33,-48,-33,-48]} 1. d4 Nf6 2. c4 g6 3. Nc3 Bg7 4. e4 d6 5. Be2 O-O 6. Nf3 e5 7. O-O Nc6 8. d5 Ne7 9. b4 c6 10. a4 a5 {E97: King's Indian: Classical Main Line (6...e5 7 0-0 Nc6): 8 Be3 and 8 d5 Ne7, not 9 Ne1} 11. bxa5 Rxa5 (11... Qxa5 12. Bd2 c5 13. Kh1 Qd8 14. Ra3 Kh8 15. Ne1 Nd7 16. Nd3 Ng8 17. Qc1 Ra6 18. Rg1 {1-0 (41) Kovalenko,I (2661)-Can,E (2555) Moscow 2015}) 12. Ba3 $146 ({Predecessor:} 12. dxc6 Nxc6 13. Ba3 Nd4 14. Bb4 Ra6 15. Nd2 Nxe2+ 16. Qxe2 Nh5 17. Nd5 Kh8 18. c5 dxc5 19. Bxc5 {0-1 (31) Bouton,C (2084)-Aflalo,S (2026) France 2009}) 12... c5 {White is slightly better.} 13. Nd2 Ne8 14. Nb5 f5 15. Bb2 Nf6 16. Bf3 Ra6 17. Re1 f4 18. g3 fxg3 (18... g5 $11) 19. fxg3 $14 g5 20. Nb3 ({Better is} 20. Nf1 $14) 20... g4 21. Bg2 Ng6 22. a5 h5 23. Qd3 h4 24. Bc1 $2 (24. Rf1 $11 {and White has nothing to worry.}) 24... Nh5 $2 (24... hxg3 $1 $19 25. hxg3 Nh5) 25. Bd2 $2 {[%mdl 8192]} (25. Rf1 $11) 25... hxg3 $1 $19 (25... Qf6 26. Rf1 $11) 26. hxg3 {[#]} Ngf4 $1 {[%mdl 512]} 27. gxf4 exf4 {[%cal Be5f4,Bf4f3][%mdl 32]} 28. Nc3 (28. Re2 $142 Bxa1 29. Nxa1) 28... f3 {Threatens to win with ...Qh4.} 29. Rf1 Qh4 30. Be1 g3 31. Bxg3 ({Not} 31. Rxf3 $2 Qh2+ 32. Kf1 Nf4) 31... Qxg3 {[%csl Gf3][%cal Rg3g2]} 32. Rxf3 Rxf3 33. Qxf3 {[#]} Qg6 $1 ({But not} 33... Bxc3 34. Rc1 $17) 34. e5 (34. Ra2 $142 Be5 35. Rf2) 34... Bxe5 35. Rf1 {Qf8+ is the strong threat.} Nf4 36. Ne2 Nxe2+ ({Less strong is} 36... Qxg2+ 37. Qxg2+ Nxg2 38. Kxg2 $17) 37. Qxe2 Bg4 38. Qe4 Qh5 39. Rf2 {[#]} Ra8 $2 (39... Qg5 $1 $19 {White must now prevent ...Ra8.} 40. Qe1 Ra8) 40. Bf3 $15 Bxf3 41. Qxf3 Qxf3 (41... Qh4 {with more complications.} 42. Qh1 Qxh1+ 43. Kxh1 Bc3 44. Kg2 Re8) 42. Rxf3 Rf8 43. Rxf8+ Kxf8 $11 {[%mdl 4096] Endgame KB-KN} 44. Kf2 Kf7 45. Kf3 Kf6 46. Ke4 Bc3 {Black is slightly better.} 47. Kf4 Bb4 48. Ke4 Kg5 49. Ke3 Kf5 50. Kf3 Be1 51. Ke2 Bh4 52. Kd3 {Precision: White = 32%, Black = 62%.} 0-1

[Event "Moscow ch-T 2018"]
[Site "Moscow"]
[Date "2018.09.27"]
[Round "5"]
[White "Kulagin, Maxim"]
[Black "Klukin Kirill, Botvinnik CS"]
[Result "0-1"]
[WhiteElo "2274"]
[BlackElo "2273"]
[Annotator "TA"]
[PlyCount "96"]
[EventDate "2018.09.20"]
[EventType "team-tourn"]
[EventCountry "RUS"]
[SourceTitle "playchess.com"]
[Source "ChessBase"]
[SourceQuality "1"]

{[%evp 9,96,-8,-2,-4,-12,-13,-12,-13,-13,-10,-12,-10,0,-15,-3,-15,-20,-68,-53,-64,-41,-74,-62,-97,-91,-91,-85,-108,-97,-102,-104,-87,-83,-95,-87,-143,-137,-129,-146,-179,-171,-182,-185,-193,-184,-197,-175,-382,-382,-382,-188,-222,-240,-240,-230,-238,-239,-231,-216,-233,-239,-378,-365,-409,-368,-896,-916,-887,-870,-1975,-1907,-1683,-1744,-1328,-1236,-1238,-1215,-1125,-1157,-8827,-5965,-29969,-29959,-29965,-29966,-29965,-12692,-4952,-4947]} 1. e4 c5 2. a3 g6 3. h4 (3. Nc3 Bg7 4. Bc4 Nc6 5. d3 d6 6. h4 Nf6 7. Nge2 h5 8. Bg5 Nd4 9. Nxd4 cxd4 10. Nd5 Nxd5 11. Bxd5 {1-0 (62) Carlsen,M (2832)-Guseinov,G (2645) chess.com INT 2017}) 3... h5 4. Nc3 Bg7 5. Bc4 Nc6 6. d3 {B20: Sicilian: Unusual White 2nd moves} Nf6 7. Bg5 d6 8. Qd2 {The position is equal.} a6 9. Ba2 b5 10. Nge2 O-O 11. Nd5 $146 Nh7 12. c3 Nxg5 13. Qxg5 Rb8 14. Ne3 e6 15. Qxd8 Rxd8 16. Rd1 b4 17. axb4 cxb4 18. d4 a5 {[%cal Ba6a5,Ba5a4][%mdl 32]} 19. d5 exd5 20. Bxd5 Ne5 21. O-O Ba6 22. c4 ({White should play} 22. Rd2) 22... Rdc8 $1 $17 {[%cal Re5c4]} 23. b3 a4 $1 $36 {[%cal Ra4b3][%mdl 2048] White is under strong pressure.} 24. f4 Ng4 $1 {[%cal Rg4e3]} 25. Nxg4 hxg4 26. f5 gxf5 $1 27. Rxf5 Rc7 28. bxa4 $2 (28. Rg5 {was called for.}) 28... b3 $19 29. Rb1 Bxc4 (29... b2 $142 30. g3 Bxc4 31. Bxc4 Rxc4) 30. Rxf7 {[#]} Bxd5 $1 ({Don't play} 30... Rxf7 31. Bxc4 b2 32. Nf4 $17) 31. Rxc7 Bxe4 32. Rxg7+ Kxg7 {[%mdl 4096] Endgame KRB-KRN} 33. Rb2 Kf6 34. Kf2 Ke5 35. Nc1 {[#]} (35. Ke3 $142 Bxg2 36. Nc1) 35... Bc2 $1 36. Ke3 Kd5 37. Kf4 $2 (37. Nxb3 Bxb3 38. a5) 37... Kc4 38. Nxb3 Bxb3 {KRB-KR} 39. a5 d5 {[%cal Bd6d5,Bd5d4,Bd4d3,Bd3d2][%mdl 32]} 40. Rb1 d4 41. Rc1+ Kd3 42. Rc7 Kd2 43. a6 d3 44. Rb7 Rf8+ 45. Kxg4 Bd5 46. Rb5 Bc4 47. Ra5 Kc2 48. a7 d2 {Precision: White = 43%, Black = 79%.} 0-1

[Event "Moscow ch-T 2018"]
[Site "Moscow"]
[Date "2018.09.27"]
[Round "5"]
[White "Kulagin, Maxim"]
[Black "Klukin, Kirill"]
[Result "0-1"]
[WhiteElo "2274"]
[BlackElo "2293"]
[Annotator "TA"]
[PlyCount "96"]
[EventDate "2018.09.20"]
[EventType "team-tourn"]
[EventCountry "RUS"]
[SourceTitle "playchess.com"]
[Source "ChessBase"]
[SourceQuality "1"]

{[%evp 9,96,-16,-8,-10,-10,-10,-14,-10,-6,-10,0,-1,0,-17,-8,-13,-8,-74,-63,-82,-36,-50,-39,-70,-83,-92,-84,-99,-97,-82,-101,-94,-82,-93,-89,-141,-133,-135,-135,-174,-174,-169,-169,-177,-135,-180,-178,-398,-384,-396,-254,-260,-250,-260,-249,-211,-264,-222,-206,-243,-258,-377,-345,-434,-434,-942,-873,-1229,-1227,-1778,-1715,-1510,-1467,-1282,-1201,-1195,-1176,-1134,-1126,-5427,-5422,-29966,-29960,-29962,-29963,-29965,-29966,-29966,-29966]} 1. e4 c5 2. a3 g6 3. h4 (3. Nc3 Bg7 4. Bc4 Nc6 5. d3 d6 6. h4 Nf6 7. Nge2 h5 8. Bg5 Nd4 9. Nxd4 cxd4 10. Nd5 Nxd5 11. Bxd5 {1-0 (62) Carlsen,M (2832)-Guseinov,G (2645) chess.com INT 2017}) 3... h5 4. Nc3 Bg7 5. Bc4 Nc6 6. d3 {B20: Sicilian: Unusual White 2nd moves} Nf6 7. Bg5 d6 8. Qd2 {The position is equal.} a6 9. Ba2 b5 10. Nge2 O-O 11. Nd5 $146 Nh7 12. c3 Nxg5 13. Qxg5 (13. hxg5 $11 e6 14. Nf6+ Bxf6 15. gxf6 Qxf6 16. f3) 13... Rb8 14. Ne3 e6 15. Qxd8 Rxd8 16. Rd1 b4 17. axb4 cxb4 18. d4 a5 {[%cal Ba6a5,Ba5a4][%mdl 32]} 19. d5 exd5 20. Bxd5 Ne5 21. O-O Ba6 22. c4 (22. Rd2 $142) 22... Rdc8 $1 $17 {[%cal Re5c4]} 23. b3 a4 $1 $36 {[%cal Ra4b3][%mdl 2048] Black is on the roll.} 24. f4 Ng4 $1 {[%cal Rg4e3]} 25. Nxg4 hxg4 26. f5 {[#]} gxf5 $1 27. Rxf5 Rc7 28. bxa4 $2 (28. Nd4) 28... b3 $19 29. Rb1 Bxc4 30. Rxf7 Bxd5 ({Don't do} 30... Rxf7 31. Bxc4 b2 32. Nf4 $17) 31. Rxc7 Bxe4 32. Rxg7+ Kxg7 {[%mdl 4096] Endgame KRB-KRN} 33. Rb2 Kf6 34. Kf2 Ke5 35. Nc1 {[#]} (35. Ke3 $142 Bxg2 36. Nf4) 35... Bc2 $1 36. Ke3 Kd5 37. Kf4 (37. Kd2 $142 Kc4 38. Rxc2+ bxc2 39. Kxc2) 37... Kc4 38. Nxb3 Bxb3 {KRB-KR} 39. a5 d5 {[%cal Bd6d5,Bd5d4,Bd4d3,Bd3d2][%mdl 32]} 40. Rb1 d4 41. Rc1+ Kd3 42. Rc7 Kd2 43. a6 d3 44. Rb7 Rf8+ 45. Kxg4 Bd5 {Black mates.} 46. Rb5 Bc4 47. Ra5 Kc2 48. a7 d2 {Precision: White = 39%, Black = 96%.} 0-1